Dos congresos científicos celebrados en Berlín : (Record no. 187942)

MARC details
000 -LEADER
campo de control de longitud fija 01089nam a2200217 i 4500
001 - NÚMERO DE CONTROL
campo de control 187942
003 - IDENTIFICADOR DE NÚMERO DE CONTROL
campo de control ES-MaACL
005 - FECHA Y HORA DE LA ÚLTIMA TRANSACCIÓN
campo de control 20250930063200.0
008 - DATOS DE LONGITUD FIJA--INFORMACIÓN GENERAL
campo de control de longitud fija 180328s1927 sp |||| | spa d
100 1# - ENTRADA PRINCIPAL--NOMBRE DE PERSONA
Nombre de persona Torroja y Miret, José María,
Fechas asociadas al nombre 1884-1954
9 (RLIN) 151755
245 10 - MENCIÓN DEL TÍTULO
Título Dos congresos científicos celebrados en Berlín :
Resto del título I de Exploración Ártica y II Internacional de Fotogrametría : conferencia pronunciada el día 29 de marzo de 1927.
260 ## - PUBLICACIÓN, DISTRIBUCIÓN, ETC.
Lugar de publicación, distribución, etc. Madrid :
Nombre del editor, distribuidor, etc. [s.n.],
Fecha de publicación, distribución, etc. 1927 (
Fabricante Blass)
300 ## - DESCRIPCIÓN FÍSICA
Extensión 30 p. ;
Dimensiones 23 cm.
490 1# - MENCIÓN DE SERIE
Mención de serie Conferencias dadas en el Centro de Intercambio Intelectual Germano-Español. Segunda serie ;
Designación de volumen o secuencia 4
650 #4 - PUNTO DE ACCESO ADICIONAL DE MATERIA--TÉRMINO DE MATERIA
Término de materia o nombre geográfico como elemento de entrada Fotogrametría.
9 (RLIN) 12969
650 #4 - PUNTO DE ACCESO ADICIONAL DE MATERIA--TÉRMINO DE MATERIA
Término de materia o nombre geográfico como elemento de entrada Expediciones científicas-
Subdivisión geográfica Regiones árticas.
9 (RLIN) 137315
710 2# - ENTRADA AGREGADA--NOMBRE DE ENTIDAD CORPORATIVA
Nombre de entidad corporativa o nombre de jurisdicción como elemento de entrada Centro de Intercambio Intelectual Germano-Español
9 (RLIN) 170812
830 10 - PUNTO DE ACCESO ADICIONAL DE SERIE-TÍTULO UNIFORME
Título uniforme Conferencias dadas en el Centro de Intercambio Intelectual Germano-Español.
Nombre de parte o sección de la obra Segunda serie
Designación de volumen o secuencia 4
9 (RLIN) 192934
852 4# - LOCALIZACIÓN
Ubicación ES-MaACL
Número de control de estantería C-8111(35)
Nota libre - Donat. del Centro de Intercambio Intelectual Germano-Español (Madrid)
Holdings
Estatus retirado Estado de pérdida Estado de daño No para préstamo Biblioteca de origen Biblioteca actual Ubicación en estantería Fecha de adquisición Fuente de adquisición Total de préstamos Signatura topográfica completa Código de barras Visto por última vez Precio de reemplazo Tipo de ítem Koha
        Biblioteca del Ateneo de Madrid Biblioteca del Ateneo de Madrid Sala Palomar 28/03/2018     C-8111(35) 1198594 23/02/2023 23/02/2023 Libro impreso